R̥k-sūkta-saṅgrahaḥ. (Record no. 74115)

MARC details
000 -LEADER
fixed length control field 00688cam a22002531 4500
001 - CONTROL NUMBER
control field sa 67003843
003 - CONTROL NUMBER IDENTIFIER
control field DLC
005 - DATE AND TIME OF LATEST TRANSACTION
control field 20260227112341.0
008 - FIXED-LENGTH DATA ELEMENTS--GENERAL INFORMATION
fixed length control field 891101s1966 ii 000 0 hino
010 ## - LIBRARY OF CONGRESS CONTROL NUMBER
LC control number sa 67003843
035 ## - SYSTEM CONTROL NUMBER
System control number (OCoLC)20582464
040 ## - CATALOGING SOURCE
Original cataloging agency DLC
Transcribing agency WaU
Modifying agency DLC
041 0# - LANGUAGE CODE
Language code of text/sound track or separate title hinsan
042 ## - AUTHENTICATION CODE
Authentication code premarc
050 00 - LIBRARY OF CONGRESS CALL NUMBER
Classification number PK3012
Item number .S5 1966
130 0# - MAIN ENTRY--UNIFORM TITLE
Uniform title Vedas.
Name of part/section of a work R̥gveda.
Form subheading Selections.
245 10 - TITLE STATEMENT
Title R̥k-sūkta-saṅgrahaḥ.
260 ## - PUBLICATION, DISTRIBUTION, ETC.
Date of publication, distribution, etc. 1966.
300 ## - PHYSICAL DESCRIPTION
Extent 2, 75, 347 p.
Dimensions 22 cm.
500 ## - GENERAL NOTE
General note Hindi and Sanskrit; introd. and notes in Hindi.
600 00 - SUBJECT ADDED ENTRY--PERSONAL NAME
Personal name Sāyaṇa,
Dates associated with a name -1387.
700 1# - ADDED ENTRY--PERSONAL NAME
Personal name Peterson, Peter,
Dates associated with a name 1847-1899.
700 1# - ADDED ENTRY--PERSONAL NAME
Personal name Śāstrī, Haridatta,
Dates associated with a name 1905-

No items available.

Powered by Koha